[Event "96th ch-FRA 2023"]
[Site "L'Alpe d'Huez FRA"]
[Date "2023.08.24"]
[Round "3.6"]
[White "Edouard, R."]
[Black "Lagarde, Max"]
[Result "1-0"]
[WhiteElo "2514"]
[BlackElo "2600"]
[PlyCount "139"]
[EventDate "2023.08.18"]
[EventType "k.o."]

1. Nf3 {Mekhitarian,Krikor Sevag} Nf6 2. g3 g6 3. Bg2 Bg7 4. c4 c6 5. O-O O-O 6. b3 Ne4 7. d4 d5 8. Bb2 a5 9. Nc3 Bf5 10. Ne5 ({RR} 10. cxd5 Nxc3 11. Bxc3 cxd5 12. Ne5 Nc6 ({RR} 12... Be4 13. Bxe4 ({RR} 13. Bh3 Qb6 14. e3) 13... dxe4 14. Rc1 ({RR} 14. d5 Qc7) 14... Qd5 15. Nc4 Nd7 16. Ne3) 13. Qd2 a4 ({RR} 13... Nxe5 14. dxe5) ({RR} 13... Qd6 14. Nxc6 bxc6 15. e3 ({RR} 15. Bxa5 Bxd4)) 14. Nxc6 bxc6 15. b4 Bc8 ({RR} 15... a3 16. f3 Bc8 17. Rfd1 ({RR} 17. e4 dxe4 18. fxe4 e5 19. d5 cxd5 20. exd5) 17... Ba6 18. Rac1 Qb6 19. e3 Rab8) 16. e4 Ba6 17. Rfe1 dxe4 18. Bxe4 Bb5 19. Rac1 ({RR} 19. a3) 19... e6 ({RR} 19... a3 20. d5 Bxc3 21. Rxc3 Qd6 22. g4 ({RR} 22. Rc5 e6 23. Qc3 exd5 24. Bxd5 cxd5 25. Rxb5 d4) 22... e6 ({RR} 22... cxd5 23. Rh3 Qf6 24. Bxd5 Rad8 25. Qh6 Qg7 26. Qg5 Qf6) 23. Rh3 Ra7 24. Qe3 Rc7) 20. a3 Qd6 ({RR} 20... Qb6) 21. Bb2 Rfd8 22. Red1 Rac8 ({RR} 22... e5 23. d5 f5 24. Bg2 e4 25. Bxg7 Kxg7 26. Rc5) 23. Rc5 Qb8 24. Rdc1 Qb7 {Kramnik,V (2801)-Giri,A (2798) Zuerich 2016 CBM 171 [Mekhitarian,Krikor Sevag] 1-0 (46)}) 10... Nxc3 11. Bxc3 Be6 ({RR} 11... Qd6 12. Qe1 b6 13. cxd5 cxd5 14. e4 dxe4 15. Bxe4 Bxe4 16. Qxe4 Ra7 17. Nc4 Qd8 18. Rfe1 e6 19. Ne5 Rc7 20. Bb2 Nd7 21. Ng4 h5 22. Ne3 Nf6 23. Qf3 Qa8 24. d5 Nxd5 25. Bxg7 Kxg7 26. Nxd5 {Gazdaru,R (2052)-Nastore,P (2295) Eforie Nord ROU 2025 0-1}) 12. c5 $146 ({RR} 12. Nd3 dxc4 13. Nc5 Qc8 14. Nxe6 Qxe6 15. d5 cxd5 16. Bxd5 Qd6 17. Bxg7 Kxg7 18. bxc4 Nc6 19. Rb1 Rab8 20. Rb5 b6 21. Qa1+ f6 22. Rfb1 Nb4 23. Be4 Rfc8 24. a3 Na6 25. Rd5 Qe6 26. Qd4 Nc5 {Smirnov,P (2544)-Matinian,N (2470) Chess.com INT 2021 1-0 (55)}) 12... Nd7 13. Nd3 Bf5 14. f4 Bxd3 15. Qxd3 f5 16. Rfb1 Nf6 17. b4 Ne4 18. Bxe4 fxe4 19. Qd2 a4 20. b5 Qd7 21. bxc6 bxc6 22. Rb6 Rf6 23. Rab1 Raf8 24. e3 g5 25. Rb7 Qe6 26. Qe2 Rg6 27. Kh1 gxf4 28. exf4 Bf6 29. Rc7 Qh3 30. Qg2 Qf5 31. Rxc6 h5 32. Rcb6 h4 33. c6 Kf7 34. Rb8 Rc8 35. Rxc8 Qxc8 36. Rb6 Bg7 37. Qe2 hxg3 38. Qh5 g2+ 39. Kg1 e6 40. f5 exf5 41. c7 Bf6 42. Qh7+ Rg7 43. Qh5+ Rg6 44. Rc6 Qb7 45. Qxg6+ Kxg6 46. c8=Q Qb1+ 47. Kxg2 Qc2+ 48. Kf1 Qd3+ 49. Ke1 Qb1+ 50. Kd2 Qxa2+ 51. Kc1 Qa3+ 52. Bb2 Qe3+ 53. Kb1 Qd3+ 54. Ka1 a3 55. Qe8+ Kg5 56. Bc1+ f4 57. Qg8+ Kh4 58. Qh7+ Kg4 59. Qd7+ Kg5 60. Bxf4+ Kxf4 61. Rxf6+ Ke3 62. Qh3+ Kxd4 63. Qxd3+ Kxd3 64. h4 e3 65. h5 d4 66. h6 Kc2 67. Rc6+ Kb3 68. h7 e2 69. Re6 d3 70. h8=Q 1-0

[Event "Titled Tue 22nd Aug Early"]
[Site "chess.com INT"]
[Date "2023.08.22"]
[Round "4"]
[White "Svane, R."]
[Black "Piorun, K."]
[Result "1-0"]
[WhiteElo "2631"]
[BlackElo "2597"]
[PlyCount "53"]
[EventDate "2023.08.22"]

1. Nf3 {Stohl,Igor} g6 2. e4 Bg7 3. d4 c5 4. c4 d6 5. d5 e6 6. Bd3 ({RR} 6. Nc3 exd5 ({RR} 6... Ne7) 7. exd5 ({RR} 7. cxd5 Bg4) 7... Bg4 8. Be2 Ne7 9. O-O O-O 10. Qb3 b6 11. Ng5 Bxe2 12. Nxe2 Nd7 13. Qh3 Nf6 14. Bd2 ({RR} 14. Nc3) 14... h6 15. Nf3 g5 16. Ne1 Ne4 17. Bc1 f5 18. Qd3 Qd7 19. Rb1 Rae8 20. b3 Ng6) 6... exd5 7. exd5 Ne7 8. h3 ({RR} 8. O-O O-O 9. Re1 Bg4 10. Nbd2 Nd7 11. h3 Ne5 12. Be2 Bxf3 13. Nxf3 Nf5 14. Nxe5 Bxe5 15. Bd3 Nd4 16. Bh6 Re8 17. Qd2 Qd7 18. Re4 f5 19. Ree1 b5 20. cxb5 Nxb5 21. Bxb5 Qxb5 22. Rab1 Qa4 {Svane,R (2625)-Carlsen,M (2835) chess.com INT 2023 0-1 (61)}) 8... O-O 9. O-O Bf5 10. Nc3 Bxc3 $146 ({RR} 10... Bxd3 11. Qxd3 a6 ({RR} 11... Qb6 12. Re1) ({RR} 11... Nd7 12. Bf4 Qb6 ({RR} 12... Nf5 13. g4 ({RR} 13. Ne4 Nf6) ({RR} 13. Nb5 Bxb2 14. Rab1 Be5) 13... Nd4 14. Bxd6 Re8 15. Bg3 Qb6 16. Nxd4 Bxd4 17. Rab1) 13. Ne4 Nc8 ({RR} 13... Nf5 14. g4 Nd4 15. Nxd6 ({RR} 15. Bxd6 f5) 15... Qxb2 16. Nxd4 Bxd4 17. Rab1) 14. Rfe1 h6) 12. Bf4 Qc7 13. Rae1 Nc8 14. Re2 h6 ({RR} 14... Nd7 15. Rfe1) 15. h4 Nd7 16. h5 g5 ({RR} 16... gxh5 17. Qf5) 17. Bxg5 hxg5 18. Nxg5 Nf6 ({RR} 18... f5 19. Ne6 Qb6 20. Nxg7 Kxg7 21. Qg3+ Kh8 22. h6 Rg8 23. Re8) ({RR} 18... Rd8 19. Qh7+ Kf8 20. h6) 19. Nce4 Nxe4 ({RR} 19... Ng4 20. f3 Bd4+ ({RR} 20... f5 21. fxg4 fxe4 22. Rxf8+ Bxf8 23. Qxe4) 21. Kh1 Ne5 22. Nf6+ Kg7 23. Ne6+ fxe6 24. Qh7+ Kxf6 25. Qxc7) ({RR} 19... Nd7 20. Nxc5 Nf6 21. Nce4 Nd7 22. Nxd6) 20. Qxe4 f5 21. Qe6+ Kh8 ({RR} 21... Rf7 22. h6) 22. Qg6 Be5 ({RR} 22... Bd4 23. Re8 Rxe8 24. Qxe8+ Kg7 25. Ne6+) 23. Qh6+ {1-0 (23) Tregubov,P (2628)-Degraeve,J (2566) Clichy 2004 CBM 100 [Stohl,Igor]} {RR} Kg8 24. Qxf8+ Kxf8 25. Ne6+ Kf7 26. Nxc7) ({RR} 10... Nd7 11. Bg5 ({RR} 11. Bf4 Qb6) 11... Bxd3 12. Qxd3 Re8 13. Rfe1) ({RR} 10... a6 11. Bg5 Bxd3 12. Qxd3 h6 13. Bd2 Nd7 14. a4 Nf5 15. Rfe1 Kh7 16. Rab1 Nd4 17. Nxd4 Bxd4 18. Ne2 Bg7 19. Bc3 Bxc3 20. Nxc3 Ne5 21. Qf1 Re8 22. Re2 Nd7 23. Rbe1 Rxe2 24. Qxe2 Kg7 25. Qe3 {Yilmaz,M (2601)-Kokoszczynski,J (2314) chess.com INT 2024 1-0 (31)}) 11. bxc3 Bxd3 12. Qxd3 Qd7 13. Re1 Na6 14. Bh6 Rfe8 15. g4 Kh8 16. Bf4 Ng8 17. Ng5 Nf6 18. Qg3 Rxe1+ 19. Rxe1 Ne8 20. Ne4 Rd8 21. Bg5 f6 22. Nxf6 Qf7 23. Nxe8 Rxe8 24. Rxe8+ Qxe8 25. Qxd6 Kg7 26. Qf6+ Kg8 27. Bh6 1-0

[Event "Titled Tue 22nd Aug Early"]
[Site "chess.com INT"]
[Date "2023.08.22"]
[Round "4"]
[White "Mekhitarian, K."]
[Black "Dubov, Daniil"]
[Result "1-0"]
[WhiteElo "2540"]
[BlackElo "2716"]
[PlyCount "133"]
[EventDate "2023.08.22"]

1. Nf3 d5 2. c4 d4 3. b4 c5 4. Bb2 Nf6 5. g3 Qc7 6. Bg2 e5 7. O-O ({RR} 7. e3 Bg4 8. Qa4+ Nbd7 9. O-O Be7 10. bxc5 O-O 11. exd4 Bxf3 12. Bxf3 exd4 13. Bxd4 Bxc5 14. Be3 Ne5 15. Be2 Bxe3 16. dxe3 Rac8 17. Nd2 Rfd8 18. Rad1 h5 19. Nf3 Rxd1 20. Rxd1 Nxf3+ 21. Bxf3 Qxc4 {Caruana,F (2783)-Robson,R (2689) Saint Louis USA 2025 1-0 (50)}) 7... cxb4 8. e3 Bg4 9. exd4 e4 $146 ({RR} 9... exd4 10. Re1+ Be7 11. Qa4+ Bd7 12. Qxb4 Nc6 13. Qb3 Na5 14. Qc2 Qxc4 15. Na3 Qb4 16. Qb1 Qd6 17. Nxd4 O-O 18. Nab5 Bxb5 19. Nf5 Bd3 20. Nxd6 Bxb1 21. Rxe7 Bg6 22. Bc3 Rad8 23. Nxb7 Nxb7 24. Rxb7 {Timman,J (2562)-Lampert,J (2461) Douglas 2015 1-0}) 10. Qe1 Be7 11. Ne5 Bf5 12. h3 O-O 13. g4 Bg6 14. g5 Nh5 15. Nxg6 fxg6 16. Qxe4 Nc6 17. d5 Bd6 18. dxc6 Kh8 19. cxb7 Rae8 20. Qc6 Qe7 21. d3 Nf4 22. Nd2 Qxg5 23. Kh1 Nxd3 24. Ne4 Rxe4 25. Qxe4 Nxb2 26. f4 Qf6 27. Rab1 Na4 28. Qc6 Nc3 29. Rbe1 h5 30. Re8 Kh7 31. Rxf8 Qxf8 32. f5 gxf5 33. c5 Be5 34. Qe6 Qb8 35. Rxf5 Bf6 36. Rxh5+ Kg6 37. Qg4+ Kf7 38. Bd5+ Nxd5 39. Qc4 Qxb7 40. Qxd5+ Qxd5+ 41. Rxd5 Ke6 42. Rd6+ Ke5 43. Ra6 Kd5 44. Rxa7 Kxc5 45. Kg2 Kc4 46. Kf3 Bd4 47. Rc7+ Kd3 48. Rd7 Kc4 49. Ke4 Bc3 50. Rc7+ Kb5 51. Kd5 Ka4 52. Kc4 Ka3 53. Ra7+ Kb2 54. Ra6 Kc2 55. h4 Kb2 56. h5 Kc2 57. Rg6 Kb2 58. Rg2+ Ka3 59. Rc2 Bf6 60. Rf2 Bc3 61. Rg2 Bf6 62. Rg3+ Bc3 63. Rxc3+ bxc3 64. Kxc3 Kxa2 65. Kd4 Kb3 66. Ke5 g6 67. hxg6 1-0

[Event "Titled Tue 22nd Aug Early"]
[Site "chess.com INT"]
[Date "2023.08.22"]
[Round "6"]
[White "Vachier Lagrave, M."]
[Black "Kevlishvili, Robby"]
[Result "1-0"]
[WhiteElo "2739"]
[BlackElo "2517"]
[PlyCount "127"]
[EventDate "2023.08.22"]

1. Nf3 d5 2. g3 c6 3. Bg2 Bg4 4. O-O e6 5. h3 Bxf3 ({RR} 5... Bh5 6. d4 Nf6 7. c4 Nbd7 8. cxd5 exd5 9. Qb3 Qb6 10. Qe3+ Be7 11. Nh4 Bg6 12. Nc3 Kf8 13. Nxg6+ hxg6 14. Qd3 Re8 15. Rb1 Kg8 16. b4 a6 17. Re1 Nf8 18. e4 dxe4 19. Nxe4 Nxe4 20. Rxe4 {Vachier Lagrave,M (2758)-Kramnik,V (2777) Berlin 2015 ½-½ (63)}) 6. Bxf3 Nd7 7. d3 ({RR} 7. Bg2 Ngf6 8. d3 Bd6 9. Nd2 a5 10. a4 O-O 11. e4 Qe7 12. Qe2 dxe4 13. dxe4 e5 14. Nc4 Bc7 15. Ne3 Rfd8 16. Qc4 Nf8 17. c3 Qe6 18. Qxe6 Nxe6 19. Nc4 Nc5 20. Bg5 Rd7 21. Bxf6 gxf6 {Astafurov,A (2263)-Wadsworth,M (2460) chess.com INT 2024 0-1 (52)}) 7... Bd6 8. Nd2 $146 ({RR} 8. e4 Ne7 9. exd5 cxd5 10. c4 O-O 11. cxd5 Nxd5 12. Nc3 Nxc3 13. bxc3 Qc7 14. Rb1 Rab8 15. Bb2 Rfd8 16. Qe2 b5 17. Bg2 Nc5 18. c4 Na4 19. cxb5 Rxb5 20. Bxg7 Rxb1 21. Rxb1 Kxg7 22. Qg4+ Kf8 {Matosec,T (2051)-Moewisch,D (1905) St Veit AUT 2023 1-0 (41)}) 8... Ne7 9. e4 O-O 10. d4 a5 11. e5 Bc7 12. Be2 c5 13. c3 f6 14. exf6 Rxf6 15. Nf3 h6 16. Kg2 e5 17. dxe5 Nxe5 18. Nxe5 Bxe5 19. Re1 Rf8 20. Bg4 Bf6 21. Be6+ Kh8 22. Qh5 Qe8 23. Qxe8 Rfxe8 24. Bf4 d4 25. cxd4 cxd4 26. Rad1 Nc6 27. a3 d3 28. Bc1 d2 29. Bxd2 Bxb2 30. a4 Rad8 31. Bg4 Rxe1 32. Bxe1 Rxd1 33. Bxd1 Bd4 34. Bf3 Bb6 35. Bd5 Nb4 36. Be4 Kg8 37. Bc3 Kf7 38. Bxb7 Nd3 39. f4 Nc5 40. Bc6 Ne6 41. Bd5 g6 42. Kf3 Ke7 43. Bxe6 Kxe6 44. Ke4 h5 45. g4 hxg4 46. hxg4 Bc7 47. f5+ gxf5+ 48. gxf5+ Kd7 49. Kd5 Bd8 50. Kc5 Be7+ 51. Kb5 Kc7 52. Bxa5+ Kb7 53. Bc3 Bg5 54. Kc4 Ka6 55. Kd5 Kb7 56. Ke6 Kc6 57. Bb4 Bh4 58. Be7 Bf2 59. f6 Bd4 60. f7 Bg7 61. a5 Bh6 62. a6 Kb6 63. Kf5 Kxa6 64. Kg6 1-0

[Event "Titled Tue 22nd Aug Early"]
[Site "chess.com INT"]
[Date "2023.08.22"]
[Round "6"]
[White "Krzyzanowski, M."]
[Black "Sjugirov, S."]
[Result "1-0"]
[WhiteElo "2512"]
[BlackElo "2705"]
[PlyCount "111"]
[EventDate "2023.08.22"]

1. Nf3 d5 2. g3 c6 3. Bg2 Bg4 4. O-O Nd7 5. d3 Ngf6 6. c4 e6 7. Nc3 dxc4 ({RR} 7... Bc5 8. e4 dxe4 9. dxe4 Bxf3 10. Qxf3 Ne5 11. Qe2 Qd3 12. Qxd3 Nxd3 13. Rb1 Ng4 14. Nd1 O-O-O 15. h3 Nge5 16. b3 Nxc1 17. Rxc1 Rd2 18. Nc3 Nd3 19. Rcd1 Rxf2 20. Kh2 Rxf1 21. Rxf1 Ne5 22. Rd1 {Matthes,A (2184)-Bilan,D (2303) chess.com INT 2024 0-1}) 8. dxc4 Be7 ({RR} 8... Qa5 9. h3 Bxf3 10. Bxf3 Ne5 11. Qc2 Nxc4 12. Ne4 Ne5 13. Nxf6+ gxf6 14. Be3 Be7 15. Bd4 Nxf3+ 16. exf3 O-O-O 17. Be3 Rd5 18. a3 f5 19. b4 Qc7 20. a4 Rg8 21. Bxa7 Bxb4 22. Kh1 b6 {0-1 (22) Vajda,L (2547)-Balogh,C (2629) Slovakia 2018}) 9. Be3 Qa5 $146 ({RR} 9... O-O 10. Qb3 Qc7 11. Rfd1 Rfd8 12. Rd2 Nc5 13. Qc2 Bf5 14. Qd1 Rxd2 15. Qxd2 Rd8 16. Qe1 Ng4 17. Bd2 Qb6 18. b3 h6 19. h3 Nf6 20. Rd1 Bc2 21. Rc1 Bf5 22. Rd1 g5 23. Be3 Rxd1 24. Qxd1 {Barria Zuniga,D (2341)-Le,T (2501) Chess.com INT 2020 0-1 (51)}) 10. h3 Bh5 11. a3 Rd8 12. b4 Qc7 13. Qb3 O-O 14. Rad1 a5 15. Nd4 axb4 16. axb4 Qc8 17. c5 Nd5 18. Nxd5 cxd5 19. Rc1 Ne5 20. g4 Bg6 21. f4 Nc6 22. Rcd1 Rfe8 23. Nb5 f5 24. Kh2 h6 25. Bf3 Kh8 26. Nd4 Bf6 27. Nb5 Be7 28. Rg1 Qb8 29. Kh1 Bf8 30. Rg2 d4 31. Bc1 e5 32. gxf5 Bxf5 33. Bh5 Be6 34. Qg3 Bd5 35. Bf3 e4 36. Bh5 Re6 37. Nd6 Rdxd6 38. cxd6 Rxd6 39. f5 Qd8 40. Bf4 Rf6 41. Rdg1 d3 42. exd3 exd3 43. Bf3 Bxf3 44. Qxf3 Nd4 45. Qe4 Nxf5 46. Be5 Rf7 47. Rd2 Qe8 48. Rxd3 Qb5 49. Rd5 Qc6 50. b5 Qe6 51. Qd3 Qe7 52. Ba1 Qh4 53. Rxf5 Rxf5 54. Qxf5 Be7 55. Bxg7+ Kg8 56. Bf6+ 1-0

[Event "Titled Tue 22nd Aug Early"]
[Site "chess.com INT"]
[Date "2023.08.22"]
[Round "8"]
[White "Nakamura, Hi"]
[Black "Svane, R."]
[Result "1-0"]
[WhiteElo "2787"]
[BlackElo "2631"]
[PlyCount "125"]
[EventDate "2023.08.22"]

1. Nf3 d5 2. b3 Bf5 3. Ba3 ({RR} 3. Nh4 Bd7 4. g3 e5 5. Bb2 Nc6 6. Bg2 Be6 7. O-O Qd7 8. d3 g5 9. Nf3 f6 10. c4 Nge7 11. Nc3 h5 12. h4 g4 13. Nd2 O-O-O 14. a3 Bh6 15. cxd5 Nxd5 16. Nde4 Qe7 17. b4 Nxc3 {Boyer,M (2531)-Paravyan,D (2621) chess.com INT 2025 0-1 (36)}) 3... h6 ({RR} 3... Nd7 4. c4 e6 5. Bxf8 Nxf8 6. d3 Nf6 7. g3 h6 8. Bg2 N8d7 9. O-O O-O 10. Qc1 c6 11. Qb2 Re8 12. Nbd2 e5 13. cxd5 cxd5 14. Rac1 Qb6 15. h3 Qe6 16. Kh2 Qd6 17. Rfd1 Bh7 18. Nf1 {Carlsen,M (2853)-Giri,A (2768) Warsaw POL 2023 ½-½ (59)}) ({RR} 3... Nf6 4. e3 c6 5. c4 Nbd7 6. Nc3 e6 7. Bxf8 Nxf8 8. b4 N8d7 9. b5 O-O 10. bxc6 bxc6 11. Nd4 Ne5 12. cxd5 Nxd5 13. Nxd5 Qxd5 14. Qb3 Bg6 15. f4 Nd7 16. Rc1 c5 17. Nb5 Qxb3 18. axb3 {Nakamura,H (2780)-Nasuta,G (2579) chess.com INT 2023 1-0 (53)}) 4. e3 Nd7 5. c4 $146 ({RR} 5. d4 Ngf6 6. Bd3 Bxd3 7. cxd3 e6 8. Bxf8 Nxf8 9. Ne5 N8d7 10. b4 c6 11. Nd2 Qb6 12. Qb3 O-O 13. O-O Rac8 14. Ndf3 a6 15. a4 Rc7 16. Rfb1 Ra8 17. Nxd7 Nxd7 18. Ne5 Nxe5 19. dxe5 a5 {Gibbons,M (2005)-Lukic,L Winnipeg 1999 1-0 (42)}) 5... c6 6. Nc3 Ngf6 7. Be2 e6 8. Bxf8 Nxf8 9. cxd5 exd5 10. b4 Ne6 11. b5 d4 12. exd4 Nxd4 13. Nxd4 Qxd4 14. bxc6 bxc6 15. Qa4 Qxa4 16. Nxa4 O-O 17. d3 Rad8 18. Nc5 Rd5 19. Rc1 Rb8 20. O-O Rb2 21. Bf3 Rd6 22. a4 Nd7 23. Ne4 Rxd3 24. Ng3 Be6 25. Bxc6 Ne5 26. Bb5 Rd4 27. Rfe1 Nd3 28. Rcd1 Nxe1 29. Rxd4 Rb1 30. Rd8+ Kh7 31. Nf1 Bf5 32. f3 Nc2 33. g4 Bg6 34. Kf2 Na3 35. Be2 Rb4 36. a5 Ra4 37. a6 Nc2 38. Ne3 Nxe3 39. Kxe3 Ra3+ 40. Kf4 Ra2 41. Bb5 Rxh2 42. Rd7 Rb2 43. Bf1 Rb1 44. Be2 Rb2 45. Ke3 Rb3+ 46. Kf2 Rb2 47. Ke3 Rb3+ 48. Kf4 Rb2 49. Bf1 Rb1 50. Bc4 Rb4 51. Rd4 f5 52. Bg8+ Kxg8 53. Rxb4 fxg4 54. Rb7 gxf3 55. Kxf3 Bf7 56. Rxa7 Bd5+ 57. Ke3 h5 58. Rd7 Bc6 59. Rc7 Bg2 60. a7 h4 61. Rc8+ Kh7 62. a8=Q Bxa8 63. Rxa8 1-0

[Event "Titled Tue 22nd Aug Early"]
[Site "chess.com INT"]
[Date "2023.08.22"]
[Round "10"]
[White "Esipenko, Andrey"]
[Black "Zhigalko, S."]
[Result "1-0"]
[WhiteElo "2683"]
[BlackElo "2572"]
[PlyCount "71"]
[EventDate "2023.08.22"]

1. Nf3 d5 2. g3 c6 3. Bg2 Bg4 4. O-O e6 5. d3 Bd6 6. Nbd2 Ne7 7. h3 Bh5 8. e4 O-O 9. Qe1 ({RR} 9. Re1 a5 10. a4 Nd7 11. Qe2 Re8 12. g4 Bg6 13. e5 Bc7 14. Nf1 c5 15. c3 Nc6 16. Bf4 f6 17. d4 cxd4 18. cxd4 fxe5 19. dxe5 Rf8 20. Bg3 Nc5 21. Nh4 Be4 22. f4 Nd3 23. Bxe4 dxe4 {Budrewicz,K (2185)-Zhigalko,S (2572) chess.com INT 2025 0-1 (33)}) 9... a5 10. Nh4 $146 ({RR} 10. a4 Na6 11. Nb3 Nb4 12. Qe2 Re8 13. c3 Na6 14. Be3 e5 15. Qc2 Nc7 16. Nc5 Qc8 17. b4 axb4 18. cxb4 b6 19. Nb3 d4 20. Bd2 Bxf3 21. Bxf3 Qxh3 22. a5 b5 23. Rfc1 Na6 24. Nc5 Bxc5 {Piesik,P (2407)-Grigoriants,S (2546) Chess.com INT 2021 ½-½ (80)}) 10... Ng6 11. Ndf3 Nd7 12. Nxg6 Bxg6 13. Nh4 Be7 14. Nxg6 hxg6 15. f4 a4 16. a3 Qb6+ 17. Kh2 Rfe8 18. e5 Rac8 19. Qe2 Qc7 20. h4 b5 21. Bf3 c5 22. Kg2 c4 23. d4 c3 24. b4 Nb6 25. Qf2 Nc4 26. Be2 f5 27. exf6 Bxf6 28. Bd3 Kf7 29. Qe2 Rh8 30. Be3 Qb6 31. Bf2 Bxd4 32. Bxd4 Qxd4 33. Rae1 Qf6 34. Qg4 d4 35. f5 gxf5 36. Bxf5 1-0

[Event "Titled Tue 22nd Aug Late"]
[Site "chess.com INT"]
[Date "2023.08.22"]
[Round "6"]
[White "Nakamura, Hi"]
[Black "Xiong, Jeffery"]
[Result "1-0"]
[WhiteElo "2787"]
[BlackElo "2693"]
[PlyCount "67"]
[EventDate "2023.08.22"]

1. Nf3 d5 2. b3 Bf5 3. Ba3 Nf6 4. e3 e6 ({RR} 4... c6 5. c4 Nbd7 6. Nc3 e6 7. Bxf8 Nxf8 8. b4 N8d7 9. b5 O-O 10. bxc6 bxc6 11. Nd4 Ne5 12. cxd5 Nxd5 13. Nxd5 Qxd5 14. Qb3 Bg6 15. f4 Nd7 16. Rc1 c5 17. Nb5 Qxb3 18. axb3 Rab8 19. Bc4 {Nakamura,H (2780)-Nasuta,G (2579) chess.com INT 2023 1-0 (53)}) 5. Bxf8 Kxf8 6. c4 Nbd7 7. Nc3 $146 ({RR} 7. cxd5 exd5 8. Be2 c6 9. O-O Qe7 10. d3 h6 11. Qc1 g5 12. Na3 Kg7 13. Nc2 Rhe8 14. b4 a5 15. a3 axb4 16. axb4 Qd6 17. Ncd4 Bg6 18. Qc3 Kh7 19. Rfc1 Ne5 20. Nxe5 Qxe5 21. b5 Rxa1 {Jeet,J (2301)-Morales Carlos (2157) chess.com INT 2024 1-0 (33)}) 7... c6 8. d3 h6 9. Be2 Kg8 10. O-O Kh7 11. Nh4 Re8 12. Rc1 Kg8 13. cxd5 Nxd5 14. Nxf5 exf5 15. Nxd5 cxd5 16. Qd2 Nf6 17. Bf3 d4 18. exd4 Qxd4 19. Bxb7 Rad8 20. Rfd1 Ne4 21. Qc2 Nd6 22. Bf3 Rc8 23. Qd2 g6 24. Qxh6 Nb5 25. Rxc8 Rxc8 26. h4 Rc2 27. Qe3 Qxe3 28. fxe3 Nc3 29. Ra1 Nxa2 30. Bd5 Nc1 31. Rxa7 Nxd3 32. Bxf7+ Kh8 33. Bxg6 Ne1 34. Bxf5 1-0

[Event "Titled Tue 22nd Aug Late"]
[Site "chess.com INT"]
[Date "2023.08.22"]
[Round "10"]
[White "Nakamura, Hi"]
[Black "Matlakov, M."]
[Result "1-0"]
[WhiteElo "2787"]
[BlackElo "2677"]
[PlyCount "121"]
[EventDate "2023.08.22"]

1. Nf3 d5 2. b3 Nf6 3. e3 e6 4. c4 Be7 5. Bb2 O-O 6. d4 c5 7. dxc5 dxc4 8. Qxd8 ({RR} 8. Bxc4 Qxd1+ 9. Kxd1 Bxc5 10. Ke2 Bd7 11. Rc1 Rc8 12. Bd3 Bc6 13. Ne5 Nbd7 14. Nxc6 Rxc6 15. Nd2 Rac8 16. a3 Bd6 17. Rxc6 Rxc6 18. Rc1 Rxc1 19. Bxc1 Kf8 20. g3 Nd5 21. Be4 Nc3+ 22. Kd3 Nxe4 {Topalov,V (2798)-Anand,V (2804) Stavanger 2015 ½-½ (46)}) ({RR} 8. Bxc4 Qxd1+ 9. Kxd1 Ne4 10. Ke2 {½-½ (10) Berkes,F (2612)-Balakrishnan,P (2503) Belgrade SRB 2024}) 8... Rxd8 9. Bxc4 Nc6 10. O-O $146 ({RR} 10. Nbd2 Nd7 11. Nd4 Nxc5 12. Nxc6 bxc6 13. Ke2 a5 14. Rhc1 Bb7 15. Rc2 a4 16. b4 Nd7 17. a3 c5 18. bxc5 Nxc5 19. f3 Rab8 20. Be5 Rbc8 21. Rac1 Nd7 22. Bb2 h5 23. Bb5 Rxc2 24. Rxc2 Nc5 {Nakamura,H (2780)-Yu Yangyi (2720) chess.com INT 2023 1-0 (42)}) 10... Ne4 11. Nc3 Nxc5 12. Rfd1 Bd7 13. Rac1 Be8 14. Kf1 a6 15. Be2 Bf6 16. Ba3 Be7 17. Rxd8 Rxd8 18. Nb1 b6 19. Ne1 a5 20. Bb5 Kf8 21. Nc2 Ne5 22. Bxe8 Kxe8 23. Nd4 Ned3 24. Rd1 Rc8 25. Ke2 Nb4 26. Bxb4 axb4 27. f3 g6 28. Rd2 Bf6 29. Nc2 Na6 30. Ne1 Rc1 31. Rd1 Rc8 32. Nd2 Bc3 33. Ne4 Ke7 34. Rc1 Rc7 35. Nxc3 bxc3 36. a3 b5 37. b4 Nb8 38. Kd3 Nd7 39. f4 Nb6 40. Rxc3 Nc4 41. Ke2 Rd7 42. Nf3 Ra7 43. Nd4 Rxa3 44. Nxb5 Ra2+ 45. Kd3 Nb6 46. Rc7+ Kf8 47. Nd6 Rxg2 48. Rxf7+ Kg8 49. Rb7 Nd5 50. b5 Rxh2 51. b6 Rb2 52. Rb8+ Kg7 53. b7 Nb4+ 54. Kc3 Rb1 55. Rg8+ Kxg8 56. b8=Q+ Kg7 57. Qc7+ Kh6 58. Nf7+ Kh5 59. Qe5+ Kg4 60. Qxe6+ Kg3 61. Ng5 1-0

[Event "chess.com SpeedChess Q2Sw"]
[Site "chess.com INT"]
[Date "2023.08.23"]
[Round "3"]
[White "Lenderman, A."]
[Black "Van Foreest, Jorden"]
[Result "1-0"]
[WhiteElo "2547"]
[BlackElo "2697"]
[PlyCount "97"]
[EventDate "2023.08.23"]

1. Nf3 g6 2. d4 Bg7 3. g3 d6 4. Bg2 Nc6 5. O-O e5 6. dxe5 dxe5 7. Qxd8+ Nxd8 8. Nc3 Ne7 ({RR} 8... h6 9. Nd5 Ne6 10. c3 Ne7 11. Nxe7 Kxe7 12. b3 Rd8 13. Ba3+ Ke8 14. Rad1 a5 15. Rxd8+ Kxd8 16. Rd1+ Ke8 17. Nd2 a4 18. b4 Rb8 19. b5 Bd7 20. b6 Bb5 21. bxc7 Rc8 22. Ne4 {1-0 (22) Alonso Garcia,R (2295)-Vives Esmerat,J (2297) Barcelona ESP 2024}) 9. Nb5 Ne6 10. Ng5 c6 $146 ({RR} 10... O-O 11. Nxe6 fxe6 12. Nxc7 Rb8 13. Nb5 Bd7 14. Nxa7 Nd5 15. Rd1 Ra8 16. c4 Rxa7 17. cxd5 Rfa8 18. a3 Ba4 19. Re1 exd5 20. Bxd5+ Kh8 21. Be3 Ra5 22. Be4 Rb5 23. b4 Bb3 24. Rec1 Bd5 25. a4 {Schulz,K (2211)-Promyshlyanskiy,V (2186) Playchess.com INT 2021 1-0 (40)}) 11. Nxe6 Bxe6 12. Nc7+ Kd7 13. Nxa8 Rxa8 14. Rd1+ Ke8 15. c3 f5 16. Bg5 h6 17. Bd2 e4 18. f3 exf3 19. Bxf3 Bd5 20. Re1 Rd8 21. Be3 b6 22. Bf2 Kf7 23. Rad1 Rd7 24. e4 fxe4 25. Bxe4 b5 26. Bc5 Nf5 27. Bxd5+ cxd5 28. Rd3 h5 29. Kg2 a6 30. h3 Bf6 31. g4 hxg4 32. hxg4 Nh6 33. Kg3 Kg7 34. Bd4 Nf7 35. Re6 Bxd4 36. Rxd4 Ng5 37. Re5 Kf6 38. Rdxd5 Ne4+ 39. Kf4 Nd6 40. g5+ Kg7 41. Kg4 Kf7 42. b3 Rd8 43. c4 bxc4 44. bxc4 Nxc4 45. Rxd8 Nxe5+ 46. Kf4 Nc6 47. Rd6 Nb4 48. a3 Nc2 49. Rxa6 1-0

[Event "chess.com SpeedChess Q2Sw"]
[Site "chess.com INT"]
[Date "2023.08.23"]
[Round "4"]
[White "Pranav, V."]
[Black "Rustemov, A."]
[Result "1-0"]
[WhiteElo "2588"]
[BlackElo "2525"]
[PlyCount "69"]
[EventDate "2023.08.23"]

1. Nf3 d5 2. g3 c6 3. Bg2 Bf5 4. O-O e6 5. c4 dxc4 ({RR} 5... h6 6. Qb3 Qb6 7. d3 Nf6 8. Be3 Qxb3 9. axb3 a6 10. Nc3 Nbd7 11. cxd5 exd5 12. Nd4 Bg6 13. Nc2 Bd6 14. b4 O-O 15. Bd4 Be5 16. Bxe5 Nxe5 17. Nd4 Ne8 18. h3 Nd6 19. f4 Nd7 20. g4 {Blohberger,F (2532)-Urbina Perez,J (2248) chess.com INT 2025 1-0 (43)}) 6. Na3 ({RR} 6. a4 Nd7 7. Na3 Bxa3 8. Rxa3 Ngf6 9. Nh4 O-O 10. Nxf5 exf5 11. Qc2 Re8 12. Re3 Qa5 13. Qxc4 Nb6 14. Qc2 Ng4 15. Rxe8+ Rxe8 16. e3 Nxa4 17. b3 Nb6 18. Bb2 Qb5 19. h3 Nf6 20. Ra1 Ne4 {So,W (2789)-Aronian,L (2780) Leuven 2017 1-0 (85)}) 6... Nf6 $146 ({RR} 6... Bxa3 7. bxa3 Be4 8. Bb2 Nf6 9. Qc1 b5 10. a4 O-O 11. Qc3 Nbd7 12. g4 Nb6 13. axb5 cxb5 14. a4 Nxa4 15. Rxa4 bxa4 16. g5 Nh5 17. h4 Rb8 18. Ba1 Qd5 19. Qe3 Rb3 20. Bc3 a3 21. Ra1 {Zhang,Z (2619)-Vitiugov,N (2725) Berlin 2015 0-1 (51)}) ({RR} 6... Bxa3 7. bxa3 Nf6 8. a4 O-O 9. Ba3 Re8 10. Qc1 b5 11. axb5 cxb5 12. Nd4 Nbd7 13. Nxb5 Be4 14. Qxc4 Nb6 15. Qb4 Bxg2 16. Kxg2 a5 17. Qd6 Nc4 18. Qxd8 Rexd8 19. d3 Nxa3 20. Nxa3 Nd5 21. Rfc1 {Janaszak,D (2308)-Rustemov,A (2525) chess.com INT 2024 ½-½ (67)}) 7. Nxc4 Nbd7 8. d3 h6 9. Bf4 Nb6 10. Na5 Qc8 11. Bd2 Be7 12. Rc1 O-O 13. Ne5 Nfd7 14. Nf3 Qc7 15. b4 Rac8 16. a3 Rfd8 17. Qb3 Qb8 18. Nd4 Bh7 19. Bxc6 bxc6 20. Ndxc6 Qd6 21. Nxd8 Bxd8 22. Rxc8 Nxc8 23. Rc1 Ne7 24. Nb7 Qb8 25. Nxd8 Qxd8 26. Qa4 Nb6 27. Qxa7 Nbd5 28. b5 g5 29. Ba5 Qd6 30. b6 Nc6 31. Qa8+ Kg7 32. Qxc6 Qxa3 33. b7 Qb2 34. Bc7 Nxc7 35. Qxc7 1-0